000 00381nam a2200133Ia 4500
008 220217s9999||||xx |||||||||||||| ||und||
020 _a81-317-0590-0
082 _a005.133 GRE
100 _aGreant, Zak and Newman, Chris
245 0 _aMySQL phrasebook
260 _aPearson education of asia
_bNew Delhi
_c2006
300 _aIX,181p.
_b150
650 _aPROGRAMMING LANGUAGE
999 _c180587
_d180587